نشرة الكتب العربية التي اقتنتها الدار في سنة 1375 هـ-1955 م

Saved in:

Corporate Author: Dār al-Kutub,.

Format: Book

Language: Undetermined

Published: Cairo Maṭbaʻat Dār al-Kutub, 1955

Tags: Add Tag

No Tags, Be the first to tag this record!

Call Number: B30 DAR

LEADER 00385nam a2200121Ia 4500
008 240404s9999||||xx |||||||||||||| ||und||
050 4 |a B30 DAR 
110 0 |a Dār al-Kutub,. 
245 1 0 |a نشرة الكتب العربية التي اقتنتها الدار في سنة 1375 هـ-1955 م  
264 1 |a Cairo  |b Maṭbaʻat Dār al-Kutub,  |c 1955 
300 |a 214  |c 28 
942 |2 lcc  |c BK 
999 |c 58000  |d 58000